000 00747nam a2200253 u 4500
005 20240806063933.0
008 121001s2006 r 000 0 eng d
020 _a9707321695
035 _aUPN01000186890
049 _aCG
050 4 _aPQ7298.32 I4.5
_bA2.2
100 1 _aVillegas Guevara, Eduardo
245 1 0 _aAcetato /
_cEduardo Villegas Guevara.
260 _aMéxico :
_bLectorum,
_c2006.
300 _a222 p.
440 0 _aMarea alta
501 _aCon: Lado A: A las orillas del asfalto. Lado B: El blues del chavo banda
650 4 _aLiteratura mexicana
_94466
650 4 _aPANDILLAS -
_zMEXICO
_916445
740 0 _aA las orillas del asfalto
740 3 _aEl blues del chavo banda
905 _aLibro
999 _c158993
_d158993